000 00647 a2200229 4500
003 Nust
005 20170207153217.0
010 _a 2001554344
020 _a0553155636
035 _a(OCoLC)ocm17357058
040 _cNust
082 _a808.83
100 1 _aSuzanne, Jamie.
245 1 0 _aFirst place
_cwritten by Jamie Suzanne ; created by Francine Pascal.
260 _aNew York :
_bBantam,
_cc1988.
300 _a104 p. ;
_c20 cm.
440 0 _aSweet Valley twins ;
_v16
538 _aAlmirah No.58 Shelf No.2
655 7 _aYoung adult fiction.
700 1 _aPascal, Francine.
710 2 _aCopyright Paperback Collection (Library of Congress)
942 _2ddc
_cBK
999 _c181636
_d181636